| 000 | 00902nam a22002297a 4500 | ||
|---|---|---|---|
| 008 | 090129t xxu||||| |||| 00| 0 eng d | ||
| 010 | _aENG-92671 | ||
| 020 |
_c120.00 _a8171990266 |
||
| 035 | _aEN-76204 | ||
| 037 | _bDBAD / PUB | ||
| 040 |
_adpl _bEnglish |
||
| 082 | _a000 | ||
| 100 | _aMalhotra, A.M. | ||
| 245 |
_aBright's practical book of reasoning: _cby A.M. Malhotra and P.S. Bright _b(verbal and non-verbal tests for bank clerical & clerks' grade, RRB, LIC, ETC, examinations / |
||
| 250 | _a5th thoroughly rev. & enl. ed. | ||
| 260 |
_aDelhi _bBright Careers _c(200?) |
||
| 270 |
_a1525, Nai Sarak, _bDelhi _e110006 |
||
| 300 |
_aviii, 260p. _c28cm (pbk) |
||
| 700 | _aPritam Singh Bright | ||
| 942 |
_2ddc _cEN _mMAL _h000 |
||
| 999 |
_c22567 _d22567 |
||